Porovnanie cieľov v strategických dokumentoch dvoch vybraných štátov V4 v oblasti čerpania finančnej pomoci z EÚ bakalárska práca

Na minha lista:
Detalhes bibliográficos
Autor principal: Šagát, Michal
Autor Corporativo: Národohospodárska fakulta EU. Katedra verejnej správy a regionálneho rozvoja
Outros Autores: Kotuľák, Jozef
Formato: Livro
Idioma:eslovaco
Publicado em: Bratislava 2014
Tags: Adicionar Tag
Sem tags, seja o primeiro a adicionar uma tag!

MARC

LEADER 00000nbm a2200000 4500
001 0189463
005 20170201090157.1
041 0 |a slo 
044 |a SK 
245 1 0 |a Porovnanie cieľov v strategických dokumentoch dvoch vybraných štátov V4 v oblasti čerpania finančnej pomoci z EÚ  |b bakalárska práca  |c Michal Šagát ; školiteľ: Jozef Kotuľák 
264 1 |a Bratislava  |c 2014 
300 |a 52 s. 
100 1 |a Šagát, Michal 
700 1 |a Kotuľák, Jozef 
710 2 |a Národohospodárska fakulta EU. Katedra verejnej správy a regionálneho rozvoja